| 000 | 00345cam a2200133ua 4500 | ||
|---|---|---|---|
| 999 |
_c14828 _d14828 |
||
| 020 | _a9788125918677 | ||
| 082 |
_a631.587 _bMIC/IR |
||
| 100 |
_aMichael, A.M. _9114 |
||
| 245 | _aIrrigation : Theory and Practice / | ||
| 250 | _a2 rev. enlarged | ||
| 260 |
_aNoida: _bVikas Publishing House Pvt Ltd , _c2015 |
||
| 300 | _a768p ; . | ||
| 942 | _cBK | ||